LEADER 01173nam1 22003253i 450 001 RAV0129575 005 20231121125634.0 100 $a20200420d1977 ||||0itac50 ba 101 | $aita 102 $ait 181 1$6z01$ai $bxxxe 182 1$6z01$an 200 1 $aStoria delle società antiche$fMario Vegetti 210 $aBologna$cZanichelli$d1977 215 $a2 v.$cill.$d27 cm. 463 1$1001RML0454335$12001 $a˜1: œDalla rivoluzione agricola alle città greche$fMario Vegetti 606 $aStoria antica$xTesti scolastici$2FIR$3CFIC119924$9N 606 $aGrecia antica$xStoria$xTesti scolastici$2FIR$3RMLC452253$9N 676 $a930$9Storia del mondo antico, fino al 499 ca.$v22 676 $a938$9Storia dell'antica Grecia, fino al 323.$v22 700 1$aVegetti$b, Mario$3CFIV016971$4070$040815 801 3$aIT$bIT-01$c20200420 850 $aIT-FR0017 899 $aBiblioteca umanistica Giorgio Aprea$bFR0017 912 $aRAV0129575 950 1$aBiblioteca umanistica Giorgio Aprea$d 52DLM L /D /23.1 967 $m1 977 $a 52 996 $aStoria delle società antiche$93615624 997 $aUNICAS